00572 2200181 4500001002100000005001700021008004100038020002200079035002900101090001800130100002800148245008400176250001000260260003300270300002400303650001900327990004400346INLIS00000000002183120140205142838.0  a979-979-1814-97-x a##a0010-021400000000100 aR 297.2 Ibn t aIbnu Hajar Al-'Asqalani aTerjemah Bulughul MarambKumpulan Hadits Hukum Panduan Hidup Muslim Sehari-Hari aCet 1 aSemarangbSyauqi Pressc2012 ax + 420 hlm ; 24 cm aKumpulan Hadis a29638/Pusdacil/2014,29639/Pusdacil/2014